Normal view
MARC view
- Diao, Fei.
Entry Personal Name
001 - CONTROL NUMBER
- control field: 55229
003 - CONTROL NUMBER IDENTIFIER
- control field: OSt
005 - DATE AND TIME OF LATEST TRANSACTION
- control field: 20240322144202.0
008 - FIXED-LENGTH DATA ELEMENTS
- fixed length control field: 240322|| aca||aabn | a|a d
040 ## - CATALOGING SOURCE
- Original cataloging agency: OSt
- Transcribing agency: OSt
100 ## - HEADING--PERSONAL NAME
- Personal name: Diao, Fei.
- Relator term: author.
670 ## - SOURCE DATA FOUND
- Source citation: Work cat.: (OSt): Li, Yufei. author. 55228, A hybrid model predictive control with integrated phase-disposition and phase-shifted PWM for am inner-interleaved hybrid multilevel converter /, September 2022.
